000 01302nam a2200217Ia 4500
003 Ost
005 20260507075553.0
008 260507s9999||||xx |||||||||||||| ||und||
040 _cfsecg
041 _aara
082 _a330
100 _aطه، مصطفى كمال
_eمؤلف
245 0 _aالعقود التجارية /
_c مصطفى كمال طه
260 _aالاسكندرية:
_bدار الفكر الجامعي,
_c2005
300 _a247 صفحة؛
_c24 سم
504 _aمراجع ص.241
520 _aالاحكام العامة للبيع التجاري مع بعض أنواع البيوع التجارية و الرهن التجاري العادي و الرهن دون انتقال الحيازة اضافة الى تنظيم المستودعات العامة و الصكوك التي يصدرها المستودع العام و الاحكام العامة للوكالة التجارية و الوكالة بالعمولة ووكالة العقود, كذلك تعزيز عقد النقل و خصائصه و عقد نقل البضائع و كذا عقد نقل الركاب و تعريف عقد نقل التكنولوجيات و تكوينه و في الاخير آثار العقد.
653 _aالعقود
653 _aالعقود التجارية
942 _cكتاب
999 _c44941
_d44941